|
|
|
|
| LEADER |
00000naa2a2200000 4500 |
| 001 |
174179 |
| 005 |
20231031164619.0 |
| 035 |
|
|
|a (RuTPU)RU\TPU\book\188893
|
| 090 |
|
|
|a 174179
|
| 100 |
|
|
|a 20100122d2009 k y0rusy50 ca
|
| 101 |
0 |
|
|a rus
|
| 102 |
|
|
|a RU
|
| 200 |
1 |
|
|a Проблемы охраны окружающей среды на нефтеперерабатывающем заводе в Киуанг Нгай (Вьетнам)
|f Зыонг Чи Туен
|g науч. рук. Н. В. Крепша
|
| 320 |
|
|
|a Библиогр.: 3 назв.
|
| 463 |
|
0 |
|0 (RuTPU)RU\TPU\book\182746
|t Научная инициатива иностранных студентов и аспирантов российских вузов
|o II Всероссийская научно-практическая конференция, Томск, 21-22 мая 2009 г.
|o сборник докладов
|f Ассоциация иностранных студентов в России (АИС); Томский политехнический университет (ТПУ), Институт международного образования и языковой коммуникации (ИМОиЯК)
|v С. 73-76
|d 2009
|p 565 с.
|
| 610 |
1 |
|
|a нефтеперерабатывающие заводы
|
| 610 |
1 |
|
|a Вьетнам
|
| 610 |
1 |
|
|a Киуанг Нгай
|
| 610 |
1 |
|
|a экология
|
| 610 |
1 |
|
|a окружающая среда
|
| 610 |
1 |
|
|a атмосфера
|
| 610 |
1 |
|
|a гидросфера
|
| 610 |
1 |
|
|a литосфера
|
| 610 |
1 |
|
|a труды учёных ТПУ
|
| 610 |
1 |
|
|a охрана
|
| 700 |
|
0 |
|a Зыонг Чи Туен
|
| 702 |
|
1 |
|a Крепша
|b Н. В.
|4 727
|
| 801 |
|
1 |
|a RU
|b 63413507
|c 20100122
|
| 801 |
|
2 |
|a RU
|b 63413507
|c 20171012
|g RCR
|
| 942 |
|
|
|c BK
|